00445nam a2200181Ia 4500003000400000005001700004008004100021020001800062040000700080041000800087082002200095100001700117245004700134250000700181260005000188300001200238365001300250OSt20230609094432.0210423s2013 xx 000 0 und d a9789350712382 cAL aeng a657.46 223bDATV aDATEY (V S). aTaxmanns indirect taxes: law and practice. a31 aNew DelhibTaxmann Publications Pvt Ltdc2013 a906bPB b595cINR